• 首页
  • 本馆介绍
  • 公告通知
  • 最新文献
  • 馆藏检索
  • 电子资源
  • 读者导购
  • 参考咨询
  • 我的图书馆
  • 登录
  • 详细信息显示
  • 放入我的书架
  • 预约/预借图书
  • 作者相关作品
  • 分类相关作品
  • 丛书相关作品
  • 出版社相关作品

书目信息

  • 表格格式
  • 工作单格式
  • 卡片格式
题名:
数据链理论与系统
    
 
作者: 吕娜 主编 ;张岳彤 , 陈柯帆 , 张焕海 , 蓝兴 编著
分册:  
出版信息: 北京   电子工业出版社  2018.08
页数: 12, 335页
开本: 26cm
丛书名:
单 册:
中图分类: TN919.1
科图分类:
主题词: 数据传输--shu ju chuan shu--高等学校--教材
电子资源:
ISBN: 978-7-121-34868-6
000 01244nam0 2200313 450
001 0106081902
005 20201109091531.25
010    @a978-7-121-34868-6@dCNY69.80
100    @a20190226d2018 em y0chiy50 ea
101 0  @achi
102    @aCN@b110000
105    @aa z 000yy
106    @ar
200 1  @a数据链理论与系统@Ashu ju lian li lun yu xi tong@dTheory and system of data link@f吕娜主编@g张岳彤[等]编著@zeng
205    @a2版
210    @a北京@c电子工业出版社@d2018.08
215    @a12, 335页@c图@d26cm
300    @a通信与导航系列规划教材
330    @a本书首先论述数据链的基本理论和关键技术;然后分析典型航空数据链系统——Link-4A、Link-11、Link-16和Link-22及其作战应用;最后介绍演进中的协同与制导数据链——机间数据链、武器数据链、TTNT和CEC,数据链的网络化发展——航空网络,以及代表性技术——移动自组织网和LPI通信技术等。
510 1  @aTheory and system of data link@zeng
606 0  @a数据传输@Ashu ju chuan shu@x高等学校@j教材
690    @aTN919.1@v5
701  0 @a吕娜@Alv na@4主编
702  0 @a张岳彤@Azhang yue tong@4编著
702  0 @a陈柯帆@Achen ke fan@4编著
702  0 @a张焕海@Azhang huan hai@4编著
702  0 @a蓝兴@Alan xing@4编著
801  0 @aCN@bBJSZM@c20201106
905    @b1193916-9@dTN919.1@e224=2@f4
    
    数据链理论与系统=Theory and system of data link/吕娜主编/张岳彤[等]编著.-2版.-北京:电子工业出版社,2018.08
    12, 335页:图;26cm
    通信与导航系列规划教材
    
    ISBN 978-7-121-34868-6:CNY69.80
    本书首先论述数据链的基本理论和关键技术;然后分析典型航空数据链系统——Link-4A、Link-11、Link-16和Link-22及其作战应用;最后介绍演进中的协同与制导数据链——机间数据链、武器数据链、TTNT和CEC,数据链的网络化发展——航空网络,以及代表性技术——移动自组织网和LPI通信技术等。
●
相关链接 在E读中查询图书 在五车中查询图书 在当当中查询图书 在豆瓣中查询图书


正题名:数据链理论与系统     索取号:TN919.1/224=2         预约/预借

序号 登录号 条形码 馆藏地/架位号 状态 备注
1 1193916   211939161   第二样本阅览室/ [索取号:TN919.1/224=2] 在馆    
2 1193917   211939170   第三借阅区/ [索取号:TN919.1/224=2] 在馆    
3 1193918   211939189   第三借阅区/ [索取号:TN919.1/224=2] 在馆    
4 1193919   211939198   第三借阅区/ [索取号:TN919.1/224=2] 在馆    
唐山师范学院图书馆 欢迎您!
大连网信软件有限公司© 版权所有